00371nam a22000977a 4500008004100000082001600041100000800057245017800065260002100243300000900264230609b xxu||||| |||| 00| 0 eng d a332.67bKNA cGOK aNational AssemblybTreasury Memorandum on the Implementation Status on the Ninth Report of the Public Investments Committee on the Accounts of State CorporationshVolume III aKenyabGOKc2001 a144p